| 000 | 00647nam a2200169Ia 4500 | ||
|---|---|---|---|
| 005 | 20250210171427.0 | ||
| 008 | 231217s9999 xx 000 0 und d | ||
| 020 | _a9788126537501 | ||
| 082 | _a025.04 SOM;7 | ||
| 100 | _aSomasundaram, G. Shrivastava, Alok. | ||
| 245 | 0 | _aInformation storage and management : storing managing and protecting digital information in classic virtualized and cloud environmens | |
| 250 | _a2nd ed. | ||
| 260 |
_c2012 _bJohn wiley and sons _aNew Delhi |
||
| 300 | _axxxi, 489 | ||
| 650 | _aInformation,storage,management,storing,protecting,digital,information,classic,virtualized,cloud,environmens | ||
| 942 | _cAA | ||
| 999 |
_c196298 _d196298 |
||